[Event "ch-Siberia Men"]
[Site "Barnaul RUS"]
[Date "2011.05.25"]
[Round "6"]
[White "Khabarov,Sergey"]
[Black "Kaluga,S"]
[Result "1-0"]
[WhiteElo "2310"]
[BlackElo "2216"]

1.c4 e5 2.g3 Nf6 3.Bg2 d5 4.cxd5 Nxd5 5.Nc3 Nb6 6.Nf3 Nc6 7.O-O Be7 8.d3 O-O
9.Be3 Be6 10.Ne4 f6 11.Nc5 Bxc5 12.Bxc5 Rf7 13.b4 Nd5 14.Qd2 b6 15.b5 Na5
16.e4 Ne7 17.Bb4 c5 18.Bxa5 bxa5 19.Qc3 Rc8 20.Nd2 Ng6 21.Nc4 Rd7 22.Rad1 Rd4
23.Nxa5 Qb6 24.Rb1 Bxa2 25.Ra1 Be6 26.Nc6 Rd7 27.Rfb1 Rb7 28.Qc2 Ne7 29.Ra6 Qc7
30.Nxa7 Rxa7 31.Rxe6 Rb7 32.Bh3 Rcb8 33.Qc4 Kf8 34.Kg2 Rb6 35.Rxb6 Qxb6 36.Bg4 g6
37.Bd1 Ke8 38.Bb3 Kd7 39.Ra1 Kc7 40.Qf7 Qd6 41.Bd5  1-0

[Event "Zonal 3.3"]
[Site "Tagaytay City PHI"]
[Date "2011.05.25"]
[Round "2"]
[White "Kasmiran"]
[Black "Surya,W"]
[Result "1-0"]
[WhiteElo "2346"]
[BlackElo "2234"]

1.c4 e5 2.g3 Nf6 3.Bg2 d5 4.cxd5 Nxd5 5.Nf3 Nc6 6.O-O Be7 7.Nc3 Nb6 8.d3 O-O
9.Be3 Re8 10.a4 Bb4 11.Ng5 h6 12.Nge4 Qe7 13.Na2 Nd4 14.Bxd4 exd4 15.Nxb4 Qxb4
16.a5 Nd5 17.Qc2 Bd7 18.Nc5 Bc6 19.Rfc1 Re5 20.a6 Rae8 21.Qb3 b6 22.Bxd5 Qxb3
23.Nxb3 Bxd5 24.Nxd4 c5 25.Nb5 Rxe2 26.Nc3 R2e5 27.f4 Rf5 28.g4 Rxf4 29.Nxd5 Rxg4+
30.Kf2 Rd4 31.Nc3 Rxd3 32.Rd1 Rh3 33.Kg2 Rh4 34.Re1 Rxe1 35.Rxe1 Rb4 36.Re2 g5
37.Kf3 b5 38.Nd5 Ra4 39.Nc7 b4 40.Ke4 c4 41.Kd4 b3 42.Kc3 Ra1 43.Kb4 Rc1
44.Nb5 Rc2 45.Nc3 f5 46.Re8+ Kf7 47.Ra8 Rxb2 48.Rxa7+ Kg6 49.Rb7 Ra2 50.a7 b2
51.Kxc4 Ra1 52.Kb3 b1=Q+ 53.Nxb1 Rxb1+ 54.Ka2 Rxb7 55.a8=Q Rf7 56.Qg8+ Kf6
57.Kb3 g4 58.Kc4 Rc7+ 59.Kd4 Rd7+ 60.Kc4 Rc7+ 61.Kd3 Rd7+ 62.Ke3 Re7+ 63.Kd4 Re4+
64.Kd3 Re6 65.Kd4 Re4+ 66.Kd5 Re5+ 67.Kd6 Re4 68.Qf8+ Kg6 69.Kd5 h5 70.Qg8+ Kf6
71.Qh7 Re5+ 72.Kd6 Re6+ 73.Kd7 Re4 74.Qh6+ Ke5 75.Qxh5 Kf4 76.Qh4 Re3 77.Qf2+ Rf3
78.Qd4+ Kg5 79.Ke6 Kh4 80.Qh8+  1-0

[Event "e2e4 Sunningdale Open"]
[Site "Ascot ENG"]
[Date "2011.05.27"]
[Round "1"]
[White "Norinkeviciute,R"]
[Black "Ledger,D"]
[Result "0-1"]
[WhiteElo "2012"]
[BlackElo "2245"]

1.c4 e5 2.g3 d6 3.Bg2 Nc6 4.Nc3 Be6 5.d3 Qd7 6.Nd5 Nd8 7.e4 f5 8.b3 Ne7 9.f4 c6
10.Nc3 Ng6 11.Nge2 Be7 12.Be3 fxe4 13.dxe4 exf4 14.Nxf4 Bg4 15.Qd2 Nxf4 16.gxf4 Bh4+
17.Bf2 Bxf2+ 18.Qxf2 Ne6 19.O-O Bh5 20.Qh4 Qf7 21.Rf2 O-O 22.Raf1 Rae8 23.Qg3 Qf6
24.Kh1 Kh8 25.Bh3 Nc5 26.e5 Qe7 27.b4 Na6 28.a3 dxe5 29.fxe5 Rxf2 30.Rxf2 h6
31.Rf5 Bf7 32.c5 Be6 33.Rh5 Qf7 34.Rh4 Bxh3 35.Qxh3 Rxe5 36.Re4 Rf5 37.Re1 Rf3
38.Qc8+ Kh7 39.Ne4 Rf1+  0-1

[Event "Zonal 3.3"]
[Site "Tagaytay City PHI"]
[Date "2011.05.27"]
[Round "6"]
[White "Kasmiran"]
[Black "Datu,A"]
[Result "0-1"]
[WhiteElo "2346"]
[BlackElo "2218"]

1.c4 e5 2.g3 Nf6 3.Bg2 d5 4.cxd5 Nxd5 5.Nf3 Nc6 6.O-O Be7 7.Nc3 Nb6 8.d3 O-O
9.a3 Be6 10.b4 a5 11.b5 Nd4 12.Nxd4 exd4 13.Na4 Nd5 14.Bb2 c5 15.bxc6 b5
16.Bxd4 bxa4 17.Qxa4 Nb6 18.Bxb6 Qxb6 19.Rfb1 Qc5 20.d4 Qd6 21.e4 f6 22.f4 Rad8
23.d5 Bc8 24.Qxa5 g5 25.Rf1 gxf4 26.gxf4 Kh8 27.Kh1 Rde8 28.Qc3 Bd8 29.e5 fxe5
30.fxe5 Rxf1+ 31.Rxf1 Rxe5 32.c7 Bxc7 33.Rf7 Bd7 34.Rf1 Kg8 35.Qg3+ Qg6 36.Qxg6+ hxg6
37.h3 Re3 38.d6 Bxd6 39.Rd1 Be5 40.Rxd7 Re1+ 41.Bf1 Rxf1+ 42.Kg2 Ra1 43.Rd3 Bb2  0-1

[Event "63rd ch-MNE"]
[Site "Tivat MNE"]
[Date "2011.05.27"]
[Round "7.6"]
[White "Scekic,V"]
[Black "Nikac,P"]
[Result "0-1"]
[WhiteElo "2149"]
[BlackElo "2350"]

1.c4 e5 2.g3 Nc6 3.Bg2 f5 4.d3 Nf6 5.Nc3 Bb4 6.e3 O-O 7.Ne2 Ne7 8.O-O c6
9.f4 d6 10.a3 Ba5 11.b4 Bc7 12.Bb2 Qe8 13.Qd2 Be6 14.c5 dxc5 15.bxc5 Rd8
16.fxe5 Bxe5 17.d4 Bc4 18.Qc2 Bc7 19.e4 Qh5 20.Nf4 Qh6 21.Nce2 Bxe2 22.Qxe2 Bxf4
23.Rxf4 Nxe4 24.Bxe4 fxe4 25.Rxe4 Nd5 26.Re1 Rf7 27.Bc1 Qh3 28.Rh4 Qf5 29.Re4 Rdf8
30.Re8 Qf3 31.Rxf8+ Rxf8 32.Qxf3 Rxf3 33.Kg2 Rc3 34.Kh3 Kf7 35.Kg4 Rd3 36.Kf5 Rxd4
37.Ke5 Rd3 38.Kd6 a5 39.a4 Rd4 40.Bb2 Rxa4 41.Re5 Kg6 42.Re8 Rb4 43.Be5 Re4
44.Rg8 Nf6 45.Ke7 Nxg8+  0-1

[Event "29th Liechtenstein Open"]
[Site "Triesen LIE"]
[Date "2011.05.27"]
[Round "1.18"]
[White "De Kalbermatten,A"]
[Black "Matt,F"]
[Result "0-1"]
[WhiteElo "1855"]
[BlackElo "2169"]

1.c4 e5 2.g3 Nf6 3.Bg2 Nc6 4.Nc3 Bb4 5.Nd5 Bc5 6.e3 O-O 7.Ne2 Re8 8.O-O a5
9.b3 Nxd5 10.cxd5 Ne7 11.d4 exd4 12.Nxd4 d6 13.Bb2 Nf5 14.Qd3 Qf6 15.Rfd1 Bd7
16.Rd2 Qg5 17.h4 Qh5 18.Bf3 Qg6 19.Kh2 Re7 20.Be4 Bxd4 21.Bxd4 c6 22.dxc6 bxc6
23.Rc1 Qg4 24.Bg2 Rae8 25.Bc3 c5 26.e4 Rxe4 27.Bxe4 Rxe4 28.Qd5 Nxh4 29.Qxe4 Qxe4
30.gxh4 Qxh4+ 31.Kg1 Bc6 32.f3 Bxf3 33.Rh2 Qg3+  0-1

[Event "30th NAO Open"]
[Site "Stillwater USA"]
[Date "2011.05.30"]
[Round "10.10"]
[White "Irwin,Philip R"]
[Black "Schuller,JohnJ"]
[Result "0-1"]
[WhiteElo "1896"]
[BlackElo "1916"]

1.c4 e5 2.g3 Nf6 3.Bg2 d6 4.Nc3 c6 5.e4 Be7 6.Nge2 Nbd7 7.O-O O-O 8.d3 Re8
9.h3 a6 10.a4 a5 11.Be3 Kh8 12.Kh2 Ng8 13.f4 Rf8 14.Qd2 g6 15.Rf2 Bf6 16.Raf1 Qe7
17.d4 Bg7 18.fxe5 dxe5 19.d5 f6 20.Nc1 Qb4 21.b3 f5 22.exf5 gxf5 23.dxc6 bxc6
24.Bxc6 Ra6 25.Bb5 Rg6 26.Nd5 Qxd2 27.Bxd2 Ndf6 28.Bxa5 Ne4 29.Rc2 Rh6 30.Nb6 Bb7
31.Nd5 Ngf6 32.Kg1 Rxh3 33.Rxf5 Nxd5 34.Rxf8+ Bxf8 35.cxd5 Bc5+ 36.Kf1 Rh1+
37.Ke2 Rxc1 38.Bc6 Ba6+ 39.Kf3 Nf6 40.b4 Rf1+  0-1

[Event "Haspa-Schachpokal 2011 GpA"]
[Site "Bargteheide GER"]
[Date "2011.06.02"]
[Round "2.7"]
[White "Lindinger,M"]
[Black "Schmitz,N"]
[Result "1-0"]
[WhiteElo "2303"]
[BlackElo "2088"]

1.c4 e5 2.g3 Nf6 3.Bg2 c6 4.d4 Qb6 5.dxe5 Ng4 6.Nh3 Qb4+ 7.Nd2 Nxe5 8.b3 d5
9.cxd5 Bxh3 10.Bxh3 Qd4 11.Rb1 Qxd5 12.O-O Nbd7 13.Qc2 Qc5 14.Nc4 b5 15.Be3 Qe7
16.Nxe5 Nxe5 17.Bf4 c5 18.Qe4 Rd8 19.Qxe5 Qxe5 20.Bxe5 Rd2 21.Rb2 Rd5 22.Bf4 g5
23.Rd2 Rxd2 24.Bxd2 Be7 25.Bc3 O-O 26.Rd1 Rd8 27.Rxd8+ Bxd8 28.e4 a5 29.Bf1 b4
30.Bd2 f6 31.Bc4+ Kf8 32.Kf1 Bc7 33.Ke2 Ke7 34.Kd3 h5 35.f4 g4 36.Bd5 Ke8
37.Kc4 Bd6 38.Be3 Kd7 39.Bxc5 Bxf4 40.gxf4 h4 41.e5  1-0

[Event "Haspa-Schachpokal 2011 GpA"]
[Site "Bargteheide GER"]
[Date "2011.06.04"]
[Round "5.5"]
[White "Schatz,W"]
[Black "Freckmann,M"]
[Result "1/2-1/2"]
[WhiteElo "2261"]
[BlackElo "2229"]

1.c4 e5 2.g3 Nc6 3.Bg2 f5 4.Nc3 Nf6 5.e3 d5 6.cxd5 Nb4 7.d4 e4 8.f3 Nd3+
9.Kf1 Bb4 10.Nge2 O-O 11.Nf4 Nxf4 12.exf4 Bxc3 13.bxc3 Qxd5 14.Kf2 Qc6 15.Bd2 Be6
16.fxe4 Ng4+ 17.Kg1 fxe4 18.h3 Nf6 19.Qe1 Rfe8 20.Kh2 Bc4 21.Qc1 Rad8 22.Re1 Rd5
23.g4 Ra5 24.a3 Qd6  1/2-1/2

[Event "29th Liechtenstein Open"]
[Site "Triesen LIE"]
[Date "2011.06.04"]
[Round "9.11"]
[White "Poettinger,H"]
[Black "Benes,Pe1"]
[Result "1/2-1/2"]
[WhiteElo "2198"]
[BlackElo "2087"]

1.c4 e5 2.g3 Nf6 3.Bg2 Be7 4.Nc3 O-O 5.Nf3 d6 6.O-O c6 7.b3 Na6 8.h3 e4 9.Nd4 d5
10.cxd5 cxd5 11.d3 Qa5 12.Bb2 Nc5 13.a3 Qb6 14.Rb1 Rd8 15.b4 Ne6 16.Nf5 Bf8
17.Na4 Qc6 18.Nh6+ gxh6 19.Bxf6 Re8 20.b5 Qd6 21.dxe4 dxe4 22.Qxd6 Bxd6 23.Rb3 Nc7
24.Rd1 Be6 25.Re3 Nd5 26.Bxe4 Nxe3 27.Rxd6 Nc4 28.Rd3 Rab8 29.Nc5 Na5 30.Bc3 b6
31.Nxe6 Rxe6 32.Bf3 Nb3 33.Rd7  1/2-1/2

[Event "29th Liechtenstein Open"]
[Site "Triesen LIE"]
[Date "2011.06.04"]
[Round "9.19"]
[White "Gorse,G"]
[Black "Diotallevi,M"]
[Result "1/2-1/2"]
[WhiteElo "2073"]
[BlackElo "2047"]

1.c4 e5 2.g3 Nc6 3.Nc3 Bb4 4.Nd5 a5 5.Nf3 d6 6.a3 Bc5 7.d3 h6 8.Bg2 Nf6 9.O-O O-O
10.Bd2 Nxd5 11.cxd5 Ne7 12.b4 Bb6 13.e4 Bd7 14.bxa5 Bxa5 15.d4 f6 16.Bb4 Bb5
17.Re1 Qd7 18.Qd2 Bb6 19.Rac1 Ra4  1/2-1/2

[Event "38th OKU 2011"]
[Site "Utrecht NED"]
[Date "2011.06.04"]
[Round "3.15"]
[White "Bus,T"]
[Black "Pauw,M"]
[Result "1/2-1/2"]
[WhiteElo "2206"]
[BlackElo "2068"]

1.c4 e5 2.g3 c6 3.d4 exd4 4.Qxd4 d5 5.cxd5 cxd5 6.Bg2 Nf6 7.Nf3 Nc6 8.Qa4 Bc5
9.O-O O-O 10.Bg5 Be6 11.Nc3 h6 12.Bxf6 Qxf6 13.Rad1 Rfd8 14.Ne1 a6 15.Nxd5 Qxb2
16.Nd3 Qd4 17.Nxc5 Qxc5 18.Nc7 Rxd1 19.Rxd1 Rd8 20.Rxd8+ Nxd8 21.Nxe6 Qc1+
22.Bf1 Nxe6 23.Qe8+ Nf8 24.e3 Qa3 25.Bc4 Qc1+ 26.Bf1 Qa3 27.Bc4  1/2-1/2

[Event "38th OKU 2011"]
[Site "Utrecht NED"]
[Date "2011.06.04"]
[Round "4"]
[White "Van Dongen,C1"]
[Black "Haslinger,S"]
[Result "1/2-1/2"]
[WhiteElo "2381"]
[BlackElo "2548"]

1.c4 e5 2.g3 Nf6 3.Bg2 d5 4.cxd5 Nxd5 5.Nc3 Nb6 6.Nf3 Nc6 7.O-O Be7 8.d3 O-O
9.a3 Be6 10.b4 Nd4 11.Bb2 f6 12.Nd2 Nd5 13.Nxd5 Bxd5 14.Bxd5+ Qxd5 15.Bxd4 exd4
16.Qb3 Rfd8 17.Rfc1 c6 18.Qxd5+ Rxd5 19.Nb3 Rad8 20.Rc4 R8d7 21.Kg2 Kf7  1/2-1/2

[Event "TCh-BIH 2011"]
[Site "Neum BIH"]
[Date "2011.06.08"]
[Round "5.4"]
[White "Ragger,M"]
[Black "Erdos,V"]
[Result "1/2-1/2"]
[WhiteElo "2674"]
[BlackElo "2609"]

1.c4 e5 2.g3 Nf6 3.Bg2 c6 4.d4 Bb4+ 5.Bd2 Bxd2+ 6.Qxd2 e4 7.Nc3 d5 8.f3 exf3
9.Nxf3 O-O 10.O-O dxc4 11.e4 Nbd7 12.Rad1 Nb6 13.Nh4 Ne8 14.a4 a5 15.h3 Qe7
16.Kh2 Bd7 17.e5 Rd8 18.Qc2 Bc8 19.Nf5 Bxf5 20.Qxf5 Nd5 21.Be4 g6 22.Qf3 Nb4
23.Qe2 f6 24.Qxc4+ Kg7 25.Bg2 fxe5 26.Rfe1 Rf5 27.dxe5 Rxd1 28.Nxd1 Nc7 29.Ne3 Rf8
30.Ng4 Ne6 31.Nf6 Rd8 32.Qh4 Kh8 33.Rf1 Nd3 34.Qh6 Ndc5 35.Qh4  1/2-1/2

[Event "35th Open"]
[Site "Fourmies FRA"]
[Date "2011.06.11"]
[Round "2.15"]
[White "Le Quang,K"]
[Black "Manet,E"]
[Result "1/2-1/2"]
[WhiteElo "2324"]
[BlackElo "1971"]

1.c4 e5 2.g3 f5 3.d4 e4 4.Bg2 Nf6 5.Nc3 Be7 6.f3 exf3 7.Nxf3 O-O 8.O-O d6
9.Qd3 Ne8 10.Bd2 c6 11.Rae1 g6 12.e4 fxe4 13.Qxe4 Bf6 14.Ng5 Ng7 15.Bh3 Bxh3
16.Nxh3 Na6 17.Ne2 Qd7 18.Nf2 Qf5 19.Bc3 Rae8 20.Qg2 Qd7 21.Ne4 Bd8 22.d5 Nf5
23.Nf4 Nc7 24.Qh3 Rf7 25.Nxg6 cxd5 26.Nh8 Ng7 27.Rxf7 Qxh3 28.Rxg7+ Kf8 29.Rf1+ Qxf1+
30.Kxf1 Rxe4 31.Rxh7 Rxc4 32.Ng6+ Ke8 33.Nf4 d4 34.Be1 Rc2 35.b4 Rxa2 36.h4 Nb5
37.Rxb7 Bb6 38.h5 d3 39.Nxd3 d5 40.h6 Rh2 41.h7 Nd6 42.Rg7 Nf7 43.Ne5 Nxe5
44.Rg8+ Kf7 45.h8=Q Rxh8 46.Rxh8 Ng6  1/2-1/2

[Event "35th Open"]
[Site "Fourmies FRA"]
[Date "2011.06.12"]
[Round "4.10"]
[White "Le Quang,K"]
[Black "Marlier,G"]
[Result "1-0"]
[WhiteElo "2324"]
[BlackElo "1966"]

1.c4 e5 2.g3 f5 3.d4 exd4 4.Qxd4 Qf6 5.Qe3+ Qe6 6.Nc3 Bb4 7.Qxe6+ dxe6 8.Bd2 c6
9.Nf3 Nd7 10.a3 Be7 11.O-O-O Ngf6 12.e3 e5 13.Be2 O-O 14.Be1 h6 15.Nh4 Nh5
16.Ng6 Re8 17.Nxe7+ Rxe7 18.f3 Ndf6 19.Na4 b6 20.Bc3 Bb7 21.b4 Rae8 22.h4 e4
23.f4 Bc8 24.Rd6 Be6 25.Nb2 Rc8 26.Nd1 Kf7 27.Kb2 Rd7 28.Rxd7+ Nxd7 29.Nf2 Nhf6
30.h5 c5 31.b5 Ne8 32.Rd1 Ndf6 33.Be5 Nd7 34.Bc3 Ndf6 35.a4 Ke7 36.Kb3 Bf7
37.Rh1 Be6 38.Rg1 Rd8 39.g4 fxg4 40.Nxg4 Nxg4 41.Bxg4 Bxg4 42.Rxg4 Rd3 43.Rg3 Kf7
44.Kc2 Nf6 45.Bxf6 gxf6 46.Rg6 Rxe3  1-0

[Event "35th Open"]
[Site "Fourmies FRA"]
[Date "2011.06.12"]
[Round "5.19"]
[White "Lesot,J"]
[Black "Capone,N"]
[Result "0-1"]
[WhiteElo "2085"]
[BlackElo "1970"]

1.c4 e5 2.g3 Nf6 3.Bg2 c6 4.d4 e4 5.Nc3 Bb4 6.Qb3 Bxc3+ 7.Qxc3 d5 8.cxd5 Qxd5
9.Qc5 Qxc5 10.dxc5 Na6 11.Bg5 Bf5 12.Bxf6 gxf6 13.Rc1 O-O-O 14.a3 Rd5 15.b4 Rhd8
16.Nh3 Bxh3 17.Bxh3+ f5 18.O-O Nc7 19.Rc3 Re5 20.Rb3 Rd2 21.Re1 Ne6 22.e3 Red5
23.Bf1 Rc2 24.Bh3 Ng5 25.Bg2 Rdd2 26.Rf1 f6 27.Rbb1 Kd7 28.Rfd1 Ke6 29.Rxd2 Rxd2
30.Ra1 Nf7 31.g4 Ne5 32.gxf5+ Kd5 33.Rc1 b6 34.Bf1 Nd3 35.cxb6 axb6 36.Rc3 c5
37.bxc5 bxc5 38.f3 Ne1 39.fxe4+ Kxe4 40.Bb5 Nf3+ 41.Kf1 Nxh2+ 42.Ke1 Nf3+
43.Kf1 Ne5 44.Rxc5 h5 45.Rc8 h4 46.Rh8 Kf3 47.Bc6+ Nxc6  0-1

[Event "Portuguese Masters"]
[Site "Vila Nova de Gaia POR"]
[Date "2011.06.12"]
[Round "9.1"]
[White "Silva,An"]
[Black "Fernandes,Al"]
[Result "1-0"]
[WhiteElo "2224"]
[BlackElo "2168"]

1.c4 e5 2.g3 Nf6 3.Bg2 d5 4.cxd5 Nxd5 5.Nf3 Nc6 6.O-O Nb6 7.d3 Be7 8.Nbd2 Be6
9.a3 a5 10.b3 O-O 11.Bb2 f6 12.Qc2 Qd7 13.Rfd1 Rfd8 14.Ne4 a4 15.bxa4 Nxa4
16.Bc1 Nd4 17.Nxd4 exd4 18.Rb1 c5 19.Rxb7 Qe8 20.Bd2 Bd5 21.Rc7 Kh8 22.Rb1 Bf8
23.h4 h6 24.Bxh6 Ra6 25.Bf4 c4 26.dxc4 Bxe4 27.Bxe4 Nc3 28.Bg6 Nxe2+ 29.Kf1 d3
30.Qxd3 Nxf4 31.gxf4 Rxd3 32.Bxe8 Kh7 33.Rb5 Bd6 34.Rh5+ Kg8 35.Bf7+ Kf8
36.Rh8+  1-0

[Event "35th Open"]
[Site "Fourmies FRA"]
[Date "2011.06.13"]
[Round "6.13"]
[White "Kienitz,A"]
[Black "Mancini,M"]
[Result "0-1"]
[WhiteElo "2126"]
[BlackElo "2193"]

1.c4 e5 2.g3 Nf6 3.Bg2 Nc6 4.Nc3 Bb4 5.Nd5 Nxd5 6.cxd5 Ne7 7.e3 O-O 8.Ne2 c6
9.dxc6 dxc6 10.a3 Bd6 11.d4 Bg4 12.dxe5 Bxe5 13.Qxd8 Rfxd8 14.f4 Bc7 15.h3 Be6
16.Nd4 Bc4 17.b3 Ba5+ 18.b4 Bb6 19.Bb2 Bxd4 20.exd4 Nf5 21.Kf2 Nxd4 22.Rhd1 Nb3
23.Rab1 Bd3  0-1

[Event "14th Iraklio's Open"]
[Site "Athens GRE"]
[Date "2011.06.15"]
[Round "5"]
[White "Paouris,N"]
[Black "Kokolias,K"]
[Result "1/2-1/2"]
[WhiteElo "2034"]
[BlackElo "2202"]

1.c4 e5 2.g3 Nf6 3.Bg2 c6 4.d4 exd4 5.Qxd4 d5 6.cxd5 cxd5 7.Nf3 Nc6 8.Qa4 Be7
9.O-O O-O 10.Nc3 h6 11.Be3 Qa5 12.Nd4 Qxa4 13.Nxa4 Ne5 14.b3 Ne4 15.Nb5 Bd8
16.Bxa7 Bd7 17.Bd4 Bxb5 18.Bxe5 Re8 19.Bd4 Bxa4 20.bxa4 Rxa4 21.e3 Bf6 22.Bxf6 Nxf6  1/2-1/2

[Event "Voronezh FIDE Open"]
[Site "Voronezh RUS"]
[Date "2011.06.15"]
[Round "4.33"]
[White "Chernyshev,A2"]
[Black "Butneva,L"]
[Result "1-0"]
[WhiteElo "2149"]
[BlackElo "1859"]

1.c4 e5 2.g3 Nc6 3.Bg2 Bc5 4.Nc3 Nf6 5.e3 a5 6.Nge2 O-O 7.O-O d6 8.d4 exd4
9.exd4 Ba7 10.Bg5 h6 11.Bxf6 Qxf6 12.Nd5 Qd8 13.Ne3 Bd7 14.Qd2 Qc8 15.Rfe1 Re8
16.Rad1 Ne7 17.Qc3 Bc6 18.Nf4 Bxg2 19.Nexg2 Nc6 20.Ne3 Re4 21.c5 dxc5 22.dxc5 Ne5
23.Ned5 Rxe1+ 24.Rxe1 Nc6 25.Nh5 Qg4 26.Ndf6+  1-0

[Event "DJEM GM Duel Rapid"]
[Site "Oberhof GER"]
[Date "2011.06.17"]
[Round "3"]
[White "Fressinet,L"]
[Black "Gustafsson,J"]
[Result "1/2-1/2"]
[WhiteElo "2677"]
[BlackElo "2646"]

1.c4 e5 2.g3 Nf6 3.Bg2 d5 4.cxd5 Nxd5 5.Nf3 Nc6 6.O-O Nb6 7.d3 Be7 8.Nbd2 O-O
9.a3 a5 10.b3 Be6 11.Bb2 f6 12.Qc2 Qd7 13.Rfd1 Rfd8 14.d4 exd4 15.Ne4 Bd5
16.Nxd4 Nxd4 17.Bxd4 Qc6 18.Qxc6 Bxc6 19.e3 Nd7 20.g4 Nf8 21.Bc3 Rxd1+ 22.Rxd1 Bxa3
23.Ra1 Be7 24.Rxa5 Rxa5 25.Bxa5 Ne6 26.f4 Nc5 27.Nxc5 Bxc5 28.Bxc6 Bxe3+
29.Kg2 bxc6 30.Bxc7 Kf7  1/2-1/2

[Event "Mukachevo Summer"]
[Site "Mukachevo UKR"]
[Date "2011.06.21"]
[Round "1"]
[White "Polishchuk,O"]
[Black "Okhotnik,V"]
[Result "1/2-1/2"]
[WhiteElo "2215"]
[BlackElo "2486"]

1.c4 e5 2.g3 Nc6 3.Bg2 Nf6 4.Nc3 Bc5 5.e3 d6 6.Nge2 O-O 7.a3 a6 8.O-O Ne7
9.d4 Ba7 10.b4 Ng6 11.Bb2 Re8 12.Rc1 c6 13.d5 c5 14.b5 Bb6 15.e4 Bd7 16.a4 Qc8
17.Ra1 Ba5 18.Qd3 Bh3 19.f3 h6 20.Nd1 Nh7 21.Nf2 Bxg2 22.Kxg2 Rf8 23.Bc3 Bxc3
24.Nxc3 Qd7 25.Rab1 a5 26.b6 f5 27.exf5 Rxf5 28.Nfe4 Rh5 29.Kg1 Nh8 30.Nb5 Nf7
31.Nc7 Rf8 32.Ne6 Re8 33.Rb5 Nf8 34.Nxf8 Qh3 35.Qe2 Rxf8 36.Rxa5 Ng5 37.Nxg5 Rxg5
38.Ra7 Qc8 39.a5 h5 40.Kh1 Rgf5 41.Qe4 R5f6 42.Kg2 R8f7 43.Qh4 Rf5 44.h3 Qf8
45.Qe4 Qb8 46.a6 bxa6 47.Rxa6 g6 48.Rb1 Kg7 49.Ra3 Rb7 50.Rab3 Qa8 51.R1b2 Qa4
52.Qd3 h4 53.Ra3 Qd7 54.Qb3 hxg3 55.Qb5 Qe7 56.Qc6 Rf7 57.Re3 Qf6 58.Rbb3 Kh6
59.Qc8 Kg7 60.Rb1 Qf4 61.Rbb3 Rxb6 62.Qg4 Rxb3 63.Rxb3 Qd2+ 64.Kxg3 Qc1 65.h4 Qe1+
66.Kh3 Rf5 67.Rb8 Qf1+ 68.Kg3 Qg1+ 69.Kh3 Qxg4+ 70.Kxg4 Rf4+ 71.Kg5 Rxf3
72.Rb7+ Rf7 73.Rb6 Rf5+ 74.Kg4 Kh6 75.Rxd6 Rf4+ 76.Kg3 Rxc4 77.Re6 Re4 78.Re8 c4
79.d6 Rd4 80.Rxe5 Rxd6 81.Rc5 Rd3+ 82.Kg4 Rc3 83.h5 Rc1 84.hxg6 Kxg6 85.Rc6+ Kf7
86.Kf4 Ke7 87.Ke3 Kd7 88.Rh6 Rg1 89.Ke4  1/2-1/2

[Event "Baltija Cup Open A"]
[Site "Palanga LTU"]
[Date "2011.06.21"]
[Round "4.11"]
[White "Zalimaite,I"]
[Black "Setkauskas,V"]
[Result "1/2-1/2"]
[WhiteElo "1917"]
[BlackElo "2207"]

1.c4 e5 2.g3 Nf6 3.Bg2 Nc6 4.Nc3 d6 5.d3 g6 6.e3 Bg7 7.Nge2 Be6 8.Rb1 Qd7
9.Nd5 O-O 10.b4 Bxd5 11.cxd5 Ne7 12.Qb3 c6 13.dxc6 bxc6 14.O-O Rab8 15.Qa4 Nfd5
16.Bd2 Rfc8 17.Rfc1 Nb6 18.Qa6 Rc7 19.Rc2 Bh6 20.Rbc1 Nbd5 21.Bxd5 Rb6 22.Bxf7+ Kxf7
23.Qa4 Qg4 24.Qb3+ Ke8 25.e4 Bxd2 26.Rxd2 Rcb7 27.a3 a5 28.Rc4 h5 29.Kg2 h4
30.Ng1 Qd7 31.Qa4 axb4 32.Rxb4 Rxb4 33.axb4 d5 34.Re2 Qd6 35.Rb2 Rb5 36.Nf3 hxg3
37.hxg3 Kf7 38.d4 dxe4 39.Nxe5+ Kg7 40.Qa7 Kf6 41.Qd7 Qxd7 42.Nxd7+ Ke6 43.Nc5+ Kd5
44.Re2  1/2-1/2

[Event "SCCF Candidates"]
[Site "Los Angeles USA"]
[Date "2011.06.25"]
[Round "1"]
[White "Kurosaki,T"]
[Black "Yanayt,E"]
[Result "0-1"]
[WhiteElo "2144"]
[BlackElo "2240"]

1.c4 e5 2.g3 Nc6 3.Bg2 f5 4.Nc3 Nf6 5.a3 g6 6.d3 Bg7 7.e4 O-O 8.Nge2 d6 9.O-O Be6
10.Nd5 Qd7 11.Bg5 Ne8 12.Qd2 Nd8 13.exf5 gxf5 14.d4 Kh8 15.dxe5 dxe5 16.Rad1 Nf7
17.Bh4 c6 18.Qb4 Nfd6 19.Nf6 Bxf6 20.Bxf6+ Rxf6 21.f4 c5 22.Qc3 e4 23.g4 Qg7
24.gxf5 Nxf5 25.Kh1 Ned6 26.Qe5 Bxc4  0-1

[Event "Kheireddine Ameyar Memorial"]
[Site "Tipaza ALG"]
[Date "2011.06.25"]
[Round "2"]
[White "Nouali,Djouher"]
[Black "Njili,K"]
[Result "0-1"]
[WhiteElo "1785"]
[BlackElo "2330"]

1.c4 e5 2.g3 Nc6 3.Bg2 d6 4.Nc3 Be6 5.d3 Qd7 6.Rb1 a5 7.Qa4 Nge7 8.h4 d5
9.cxd5 Nxd5 10.Bd2 Be7 11.Nf3 f6 12.a3 O-O 13.h5 Nb6 14.Qh4 Nd4 15.Nxd4 exd4
16.Ne4 f5 17.Bg5 fxe4 18.Bxe7 Rfe8 19.Bc5 Na4 20.Rc1 exd3 21.Qxd4 Nxc5 22.Qxd7 Bxd7
23.Rxc5  0-1

[Event "7th A Ermaka Memorial"]
[Site "Zaporizhzhia UKR"]
[Date "2011.06.28"]
[Round "5.25"]
[White "Kovalenko,Ale"]
[Black "Chernov,Vladimir I"]
[Result "0-1"]
[WhiteElo "2157"]
[BlackElo "1954"]

1.c4 e5 2.g3 Bc5 3.Bg2 Nc6 4.Nc3 f5 5.e3 Nf6 6.Nge2 O-O 7.d4 Bb6 8.O-O d6
9.Rb1 f4 10.dxe5 f3 11.Bxf3 Nxe5 12.Bg2 Bf5 13.Ra1 Qd7 14.b3 Rae8 15.Nf4 c6
16.Ba3 g5 17.Nfe2 Bd3 18.Na4 Qg4 19.Nac3 Ne4 20.Bxe4 Bxe4 21.Nxe4 Qxe4 22.Nc3 Nf3+
23.Kh1 Qf5 24.Kg2 Re6 25.Qb1 Nh4+ 26.gxh4 Qg4+ 27.Kh1 Qf3+ 28.Kg1 gxh4 29.Ne2 h3  0-1

[Event "7th A Ermaka Memorial"]
[Site "Zaporizhzhia UKR"]
[Date "2011.06.28"]
[Round "5.22"]
[White "Obukhov,S"]
[Black "Budnikov,O"]
[Result "0-1"]
[WhiteElo "2132"]
[BlackElo "2435"]

1.c4 e5 2.g3 Nc6 3.Bg2 Bc5 4.a3 d6 5.Nc3 Be6 6.d3 Qd7 7.e3 Bb6 8.Nd5 Nge7
9.Nxe7 Qxe7 10.Ne2 Qd7 11.Nc3 Bh3 12.O-O h5 13.Nd5 h4 14.Qe2 Bxg2 15.Kxg2 Ne7
16.Nxb6 axb6 17.e4 f5 18.Bg5 Nc6 19.exf5 Qxf5 20.Be3 O-O-O 21.g4 Qg6 22.f3 d5
23.Rad1 h3+ 24.Kg1 Rhf8 25.b4 e4 26.dxe4 d4 27.Bd2 d3 28.Qe3 Ne5 29.Rc1 Rf6
30.Qg5 Qe8 31.Qe3 Qf7 32.f4 Nxc4 33.Qe1 Rd4 34.Rc3 Re6 35.e5 Rg6 36.g5 Nxd2
37.Qxd2 Rxg5+  0-1

[Event "1st San Bernardino Open"]
[Site "San Bernandino SUI"]
[Date "2011.06.30"]
[Round "2.4"]
[White "Salvetti,A"]
[Black "Paleologu,V"]
[Result "1/2-1/2"]
[WhiteElo "2266"]
[BlackElo "2152"]

1.c4 e5 2.g3 Nf6 3.Bg2 c6 4.Nc3 Be7 5.d4 d6 6.e4 O-O 7.Nge2 Bd7 8.O-O a6
9.h3 b5 10.b3 b4 11.Na4 c5 12.d5 Bxa4 13.bxa4 Nbd7 14.f4 Ne8 15.Bd2 Bf6 16.Rc1 a5
17.h4 Nb6 18.Bh3 Qe7 19.Qc2 Nc7 20.fxe5 Bxe5 21.Bg5 Qe8 22.Qd2 Nxa4 23.Bf6 Bxf6
24.Rxf6 Qe5 25.Rcf1 Nc3 26.Nxc3 Qxg3+ 27.Bg2 bxc3 28.Qf4 Qxf4 29.R6xf4 Rab8
30.R4f3 c2 31.Rc3 Rb2 32.a3 Rfb8 33.Rc1 f6 34.R1xc2 Rxc2 35.Rxc2 Rb3 36.Kf2 a4
37.Ra2 Na8 38.Bf3 Nb6 39.Bd1 Rh3 40.Be2 Kf7 41.Rb2 Rb3 42.Ra2 Ke7 43.h5 Kd8
44.Ra1 g5 45.hxg6 hxg6 46.Rg1 g5 47.Rh1 Rxa3 48.Rh7 Rb3 49.Ra7 Rb4 50.Kf3 Nxc4
51.Kg4 Ne3+ 52.Kf3 Nc2 53.Bd1 Rb3+ 54.Kf2 Ra3 55.Rf7 Ne3 56.Be2 g4 57.Bb5 Nd1+
58.Kg2 Nc3 59.Bd7 Nxe4 60.Bf5 Ra2+ 61.Kg1 Nf2 62.Rxf6 a3 63.Rxd6+ Ke7 64.Ra6 Nh3+
65.Kh1 Rd2 66.Rxa3 Rxd5 67.Bc8 Kf6 68.Kh2 Kg5 69.Kg3 Rd4 70.Rc3 c4 71.Be6 Rd3+
72.Rxd3 cxd3 73.Bxg4 Nf4 74.Bd1 Kf5 75.Kf3 Nd5 76.Bb3 Ke5 77.Bxd5 Kxd5 78.Ke3 Kc4
79.Kd2 Kd4 80.Kd1 Ke3 81.Ke1 d2+ 82.Kd1 Kd3  1/2-1/2

[Event "ch-BEL Open"]
[Site "Antwerp BEL"]
[Date "2011.07.02"]
[Round "1.14"]
[White "Barbier,Wim"]
[Black "Vanhuyse,Nele"]
[Result "1-0"]
[WhiteElo "2147"]
[BlackElo "1781"]

1.c4 e5 2.g3 Nf6 3.Bg2 d5 4.cxd5 Nxd5 5.Nf3 Nc6 6.O-O Nb6 7.Nc3 Be7 8.d3 O-O
9.Be3 f5 10.Na4 Bf6 11.Qb3+ Kh8 12.Rfd1 Nd4 13.Nxd4 exd4 14.Bd2 Re8 15.Nc5 c6
16.Ba5 Qc7 17.Na4 Be6 18.Qb4 Qe5 19.Bxb6 axb6 20.Nxb6 Qa5 21.Qxa5 Rxa5 22.b3 Bf7
23.Kf1 Be7 24.Nc4 Ra7 25.Ne5 Bg8 26.Nc4 Bxc4 27.dxc4 Bb4 28.a4 g6 29.Ra2 c5
30.Rd3 b6 31.e3 Rae7 32.Re2 Re5 33.Bf3 dxe3 34.Rexe3 Rxe3 35.fxe3 Re7 36.Ke2 Kg7
37.Rd6 Ba5 38.g4 f4 39.e4 g5 40.Rd5 h6 41.Kd3 Kf6 42.Rf5+ Kg7 43.e5 Rd7+
44.Bd5 Re7 45.Ke4 Bc3 46.h4 gxh4 47.Kxf4 h3 48.Rh5 h2 49.e6 Re8 50.Rxh2 Ba1
51.Ke4 Bf6 52.Rf2 Re7 53.Kf5 Bd4 54.Re2 Bf6 55.Bc6 Bd4 56.Bd7 Bf6 57.Rh2 Bd4
58.Rh5 Bf6 59.Rxh6  1-0

[Event "ch-NOR"]
[Site "Oslo NOR"]
[Date "2011.07.03"]
[Round "2"]
[White "Tjolsen,K"]
[Black "David,Ed"]
[Result "1-0"]
[WhiteElo "2225"]
[BlackElo "2277"]

1.c4 e5 2.g3 Nf6 3.Bg2 d5 4.cxd5 Nxd5 5.Nc3 Nb6 6.Nf3 Nc6 7.O-O Be7 8.a3 O-O
9.b4 Be6 10.d3 a5 11.b5 Nd4 12.Rb1 f6 13.Nd2 Qc8 14.e3 Nf5 15.Qc2 Rd8 16.Rd1 a4
17.Bb2 Nd6 18.Rdc1 Ra5 19.Ba1 Qd7 20.Qb2 Qe8 21.Nde4 Nf7 22.Nd2 Qf8 23.Rd1 Bxa3
24.Qc2 Ra7 25.Nce4 Nd5 26.Nc4 Be7 27.d4 f5 28.Nc3 e4 29.Bf1 a3 30.Rdc1 b6
31.Be2 Nb4 32.Qd2 a2 33.Rb2 Ng5 34.Ne5 Raa8 35.Nc6 Nd3 36.Nxd8 Qxd8 37.Rf1 Nxb2
38.Qxb2 Ba3 39.Qd2 Bf7 40.Kg2 Qd7 41.d5 f4 42.Kh1  1-0

[Event "ch-BEL Open"]
[Site "Antwerp BEL"]
[Date "2011.07.05"]
[Round "4.8"]
[White "Van den Brande,W"]
[Black "Verduyckt,J"]
[Result "1-0"]
[WhiteElo "2237"]
[BlackElo "1885"]

1.c4 e5 2.g3 Nf6 3.Bg2 d5 4.cxd5 Nxd5 5.Nc3 Nxc3 6.bxc3 c6 7.Nf3 Bd6 8.O-O O-O
9.d3 Be6 10.c4 f6 11.Rb1 Qc7 12.Qc2 Na6 13.Be3 Bc5 14.d4 exd4 15.Nxd4 Bf7
16.Be4 h5 17.Bf4 Bd6 18.Rxb7 Bxf4 19.Rxc7 Bxc7 20.Nxc6  1-0